Robotics Technology and Flexible Automation / (Record no. 32351)
[ view plain ]
| 000 -LEADER | |
|---|---|
| fixed length control field | 01033cam a22003253u 4500 |
| 001 - CONTROL NUMBER | |
| control field | 11354443 |
| 003 - CONTROL NUMBER IDENTIFIER | |
| control field | OSt |
| 005 - DATE AND TIME OF LATEST TRANSACTION | |
| control field | 20211216103218.0 |
| 006 - FIXED-LENGTH DATA ELEMENTS--ADDITIONAL MATERIAL CHARACTERISTICS | |
| fixed length control field | m d |
| 007 - PHYSICAL DESCRIPTION FIXED FIELD--GENERAL INFORMATION | |
| fixed length control field | cr n |
| 008 - FIXED-LENGTH DATA ELEMENTS--GENERAL INFORMATION | |
| fixed length control field | 150401s2010 ||||||||s|||||||| ||||| d |
| 020 ## - INTERNATIONAL STANDARD BOOK NUMBER | |
| International Standard Book Number | 9780070077911 |
| 035 ## - SYSTEM CONTROL NUMBER | |
| System control number | (WaSeSS)ssib019820190 |
| 038 ## - RECORD CONTENT LICENSOR | |
| Staff Name | khadija |
| 040 ## - CATALOGING SOURCE | |
| Original cataloging agency | WaSeSS |
| Transcribing agency | WaSeSS |
| Modifying agency | WaSeSS |
| Description conventions | rda |
| 082 ## - DEWEY DECIMAL CLASSIFICATION NUMBER | |
| Classification number | 629.892 |
| Author Mark | DEB |
| 100 1# - MAIN ENTRY--PERSONAL NAME | |
| Personal name | Deb, S. R. |
| 9 (RLIN) | 86710 |
| 210 10 - ABBREVIATED TITLE | |
| Abbreviated title | Robotics Technology and Flexible Automation / |
| 245 10 - TITLE STATEMENT | |
| Title | Robotics Technology and Flexible Automation / |
| Statement of responsibility, etc. | S. R. Deb. |
| 250 ## - EDITION STATEMENT | |
| Edition statement | 2nd ed. |
| 260 ## - PUBLICATION, DISTRIBUTION, ETC. | |
| Place of publication, distribution, etc. | New Delhi : |
| Name of publisher, distributor, etc. | Tata McGraw-Hill, |
| Date of publication, distribution, etc. | 2010. |
| 300 ## - PHYSICAL DESCRIPTION | |
| Extent | 522 p. ; |
| Dimensions | 22 cm. |
| 500 ## - GENERAL NOTE | |
| General note | Title from content provider. |
| 506 ## - RESTRICTIONS ON ACCESS NOTE | |
| Terms governing access | License restrictions may limit access. |
| 563 ## - BINDING INFORMATION | |
| Binding note | PB |
| 773 #0 - HOST ITEM ENTRY | |
| Title | AccessEngineering |
| 856 40 - ELECTRONIC LOCATION AND ACCESS | |
| Uniform Resource Identifier | <a href="http://www.columbia.edu/cgi-bin/cul/resolve?clio11354443">http://www.columbia.edu/cgi-bin/cul/resolve?clio11354443</a> |
| Public note | Full text available from AccessEngineering |
| 910 ## - USER-OPTION DATA (OCLC) | |
| User-option data | Serials Solutions supplemental brief record |
| 942 ## - ADDED ENTRY ELEMENTS (KOHA) | |
| Source of classification or shelving scheme | |
| Koha item type | Book |
| Withdrawn status | Lost status | Source of classification or shelving scheme | Damaged status | Not for loan | Permanent Location | Current Location | Shelving location | Date acquired | Full call number | Barcode | Date last seen | Price effective from | Koha item type | Total Checkouts |
|---|---|---|---|---|---|---|---|---|---|---|---|---|---|---|
| Central Library (CL) | Central Library (CL) | 05/20/2016 | 670.427 DEB | SMME-3087 | 03/29/2018 | 05/20/2016 | Book | |||||||
| School of Mechanical & Manufacturing Engineering (SMME) | School of Mechanical & Manufacturing Engineering (SMME) | General Stacks | 08/10/2015 | 629.892 DEB | SMME-1210 | 03/28/2018 | 08/10/2015 | Book | ||||||
| School of Mechanical & Manufacturing Engineering (SMME) | School of Mechanical & Manufacturing Engineering (SMME) | General Stacks | 05/13/2016 | 670.427 DEB | SMME-3002 | 03/29/2018 | 05/13/2016 | Book |
